Maximum likelihood regression on relevant components.
Návrh novej metódy predpovedania, ktorej východiskovým bodom je spojená multinormálna distribúcia všetkých premenných. Formulácia hypotézy, že jestvuje iba pevné malé množstvo komponentov, ktoré sú relevantné pre predpovedanie.
Gespeichert in:
| 1. Verfasser: | |
|---|---|
| Format: | Buchkapitel |
| Sprache: | Englisch |
| Schlagworte: | |
| Tags: |
Keine Tags, Fügen Sie das erste Tag hinzu!
|
MARC
| LEADER | 00000naa a2200000 4500 | ||
|---|---|---|---|
| 001 | r009965 | ||
| 005 | 20221213085105.8 | ||
| 041 | 0 | |a eng | |
| 044 | |a GB | ||
| 245 | 1 | 0 | |a Maximum likelihood regression on relevant components. |c I.S. Helland |
| 520 | |a Návrh novej metódy predpovedania, ktorej východiskovým bodom je spojená multinormálna distribúcia všetkých premenných. Formulácia hypotézy, že jestvuje iba pevné malé množstvo komponentov, ktoré sú relevantné pre predpovedanie. | ||
| 610 | 2 | 0 | |a predvídanie |
| 610 | 2 | 0 | |a distribúcia |
| 610 | 2 | 0 | |a metódy matematicko-štatistické |
| 610 | 2 | 0 | |a pravdepodobnosť |
| 100 | 1 | |a Helland, I.S. | |